| 000 | 00353nam a22001217a 4500 | ||
|---|---|---|---|
| 008 | 230606b xxu||||| |||| 00| 0 eng d | ||
| 082 |
_a341.249 _bHAM |
||
| 245 | _aKonrad Adenauer Stiftung African Law Study Library | ||
| 260 |
_aNairobi,Kenya _bRule of Law Program for Sub-Saharan Africa _cNovember,2011 |
||
| 300 | _aI,95p | ||
| 440 | _v8 | ||
| 942 |
_2ddc _cBK |
||
| 999 |
_c739 _d739 |
||